| 000 | 00000nam##2200000za#4500 |
| 001 | 9.625330 |
| 003 | CaOODSP |
| 005 | 20200401045409 |
| 007 | ta |
| 008 | 150406|2000||||xxc||||| f|0| 0 fre|d |
| 020 | |a0-662-84758-X |
| 040 | |aCaOODSP|bfre |
| 043 | |an-cn--- |
| 086 | 1 |aM22-132/15-2000F |
| 110 | 1 |aCanada.|bRessources naturelles Canada. |bSecrétariat du changement climatique. |
| 245 | 10|aGroupe de travail sur les permis échangeables: rapport sommaire / |cPréparé par le Groupe de travail sur les permis échangeables. |
| 260 | |aOttawa - Ontario : |bRessources naturelles Canada. |c2000. |
| 300 | |a1 vol. en pagination multiple. : |btableaux ; |c28 cm. |
| 490 | 1 |aRapport sur les options |
| 563 | |aReliure à anneaux |
| 590 | |a00-21|b2000-05-26 |
| 691 | 07|aClimat|2gcpds |
| 691 | 07|aEffet de serre|2gcpds |
| 691 | 07|aLutte contre la pollution|2gcpds |
| 691 | 07|aIndustrie|2gcpds |
| 776 | 0#|tGroupe de travail sur les permis échangeables, rapport sommaire |w(CaOODSP)9.603301 |
| 830 | #0|aRapport sur les options.|w(CaOODSP)9.513116 |